| 000 | 00000nam 2200000zi 4500 |
| 001 | 9.942653 |
| 003 | CaOODSP |
| 005 | 20251103145457 |
| 006 | m o d f |
| 007 | cr cn |||||||| |
| 008 | 240830t20242024onca ob f000 0 fre d |
| 020 | |a9780660734033 |
| 040 | |aCaOODSP|bfre|erda|cCaOODSP |
| 043 | |an-cn--- |
| 086 | 1 |aD96-123/2024F-PDF |
| 245 | 00|aClauses contractuelles recommandées en matière de cybersécurité pour les services infonuagiques. |
| 264 | 1|a[Ottawa] : |bCentre de la sécurité des télécommunications Canada = Communications Security Establishment Canada, |c[2024] |
| 264 | 4|c©[2024] |
| 300 | |a1 ressource en ligne (30 pages) : |billustration |
| 336 | |atexte|btxt|2rdacontent/fre |
| 337 | |ainformatique|bc|2rdamedia/fre |
| 338 | |aressource en ligne|bcr|2rdacarrier/fre |
| 500 | |aPublié aussi en anglais sous le titre : Recommended cyber security contract clauses for cloud services. |
| 500 | |a« Centre Canadien pour la cybersécurité. » |
| 500 | |a« Unclassified / Non classifié. » |
| 500 | |a« TLP:clear. » |
| 500 | |a« ITSM.50.104. » |
| 500 | |a« Le présent document entre en vigueur le 22 octobre 2024. » |
| 504 | |aComprend des références bibliographiques. |
| 650 | 6|aSécurité informatique|zCanada. |
| 650 | 6|aInfonuagique|zCanada|xSécurité|xMesures. |
| 650 | 6|aRéseaux d'ordinateurs|xSécurité|xMesures|zCanada. |
| 710 | 2 |aCentre de la sécurité des télécommunications (Canada), |eorganisme de publication. |
| 710 | 2 |aCentre canadien pour la cybersécurité, |eorganisme de publication. |
| 775 | 08|tRecommended cyber security contract clauses for cloud services.|w(CaOODSP)9.942654 |
| 856 | 40|qPDF|s669 Ko|uhttps://publications.gc.ca/collections/collection_2025/cstc-csec/D96-123-2024-fra.pdf |
| 856 | 4 |qHTML|sS.O.|uhttps://www.cyber.gc.ca/fr/orientation/clauses-contractuelles-recommandees-matiere-cybersecurite-pour-services-infonuagiques-itsm50104 |